Návrh, energetické a ekonomické vyhodnotenie systému tepelného čerpadla vzduch-voda pre prípravu teplej vody v rodinnom dome

Na minha lista:
Detalhes bibliográficos
Autor principal: Obert, Miloš, 1991- (Author)
Outros Autores: Havelský, Václav, 1943- (Thesis advisor)
Formato: Manuscrito Livro
Idioma:eslovaco
Publicado em: Bratislava : STU v Bratislave SjF, 2013
Assuntos:
Acesso em linha:VAIS
Tags: Adicionar Tag
Sem tags, seja o primeiro a adicionar uma tag!

MARC

LEADER 00000ntm a22000003a 4500
001 stu287333
005 20150617230255.4
008 140326s2013----xo------------------slo-d
040 |a STU  |b slo 
041 0 |a slo 
044 |a xo 
100 1 |a Obert, Miloš,  |d 1991-  |4 aut  |u J  |T SjF Strojnícka fakulta  |X 44388  |U J  |Y 20  |7 A000044388 
242 0 0 |a Design, energy and economic evaluation of the heat pumps air – water for the preparation hot water in a family house.  |y eng 
245 1 |a Návrh, energetické a ekonomické vyhodnotenie systému tepelného čerpadla vzduch-voda pre prípravu teplej vody v rodinnom dome 
260 |a Bratislava :  |b STU v Bratislave SjF,  |c 2013 
650 7 |a energetické strojárstvo  |2 stusub 
650 7 |a Power Engineering  |2 estusub 
650 7 |a effectiveness  |2 estusub 
650 7 |a heat pump  |2 estusub 
650 7 |a efektívnosť  |2 stusub 
650 7 |a tepelné čerpadlo  |2 stusub 
650 7 |a návratnosť investície  |2 stusub 
700 1 |a Havelský, Václav,  |d 1943-  |4 ths  |u J0060  |U SjF Strojnícka fakulta  |T SjF Ústav tepelnej energetiky  |X 2454  |U J0060  |Y 805  |7 A000002454 
856 4 |a info a plný text  |u http://is.stuba.sk/zp/portal_zp.pl?podrobnosti=83997  |3 VAIS